| 000 | 00718nam a22002297a 4500 | ||
|---|---|---|---|
| 999 |
_c20519 _d20519 |
||
| 003 | AR-CdUCM | ||
| 008 | 190531b ||||| |||| 00| 0 spa d | ||
| 040 |
_aMUNICIPALIDAD PROVINCIAL DEL CUSCO _cBIBLIOTECA MUNICIPAL DEL CUSCO |
||
| 082 |
_a873.1 / _bG62 _25ed. |
||
| 100 |
_aGómez de Miguel, Emilio _942893 |
||
| 245 | _aLas Bucolicas, Las Georgicas La Eneida / | ||
| 260 |
_aMadrid : _bIbéricas, _c1961. |
||
| 300 |
_a643 páginas ; _c17 cm. |
||
| 440 |
_aObras completas _934541 |
||
| 505 | _aContenido: Biografía -- Bibliografía -- Prefacio... | ||
| 650 |
_aSiglo XX _98 |
||
| 650 |
_aPoesía _9139 |
||
| 650 |
_aTexto _9816 |
||
| 650 |
_aLibro I _942894 |
||
| 942 |
_2ddc _cFOLLETOS |
||
| 945 | _aJavier | ||